Tafheem-ul-Quran (Vol I) (Record no. 7306)
[ view plain ]
| 000 -LEADER | |
|---|---|
| fixed length control field | 00519 a2200169 4500 |
| 003 - CONTROL NUMBER IDENTIFIER | |
| control field | NUST |
| 005 - DATE AND TIME OF LATEST TRANSACTION | |
| control field | 20221025161600.0 |
| 008 - FIXED-LENGTH DATA ELEMENTS--GENERAL INFORMATION | |
| fixed length control field | 221025b ||||| |||| 00| 0 eng d |
| 040 ## - CATALOGING SOURCE | |
| Original cataloging agency | DLC |
| Language of cataloging | DLC |
| 082 ## - DEWEY DECIMAL CLASSIFICATION NUMBER | |
| Classification number | 297.122521 |
| Author Mark | MOD |
| 100 ## - MAIN ENTRY--PERSONAL NAME | |
| Personal name | Moududi, S. Abul-ul-Aalah |
| 9 (RLIN) | 101384 |
| 245 ## - TITLE STATEMENT | |
| Title | Tafheem-ul-Quran (Vol I) |
| Statement of responsibility, etc. | S. Abul-ul-Aallah Moududi |
| Medium | [Urdu] |
| 260 ## - PUBLICATION, DISTRIBUTION, ETC. | |
| Place of publication, distribution, etc. | Lahore: |
| Name of publisher, distributor, etc. | Idara Tarjaman-ul-Quran, |
| Date of publication, distribution, etc. | 2004. |
| 300 ## - PHYSICAL DESCRIPTION | |
| Extent | 664 p. ; |
| Dimensions | 26 cm. |
| 650 ## - SUBJECT ADDED ENTRY--TOPICAL TERM | |
| Topical term or geographic name entry element | Quran (Surahs) -- Commentaries |
| 9 (RLIN) | 91534 |
| 942 ## - ADDED ENTRY ELEMENTS (KOHA) | |
| Koha item type | Book |
| Call number prefix | 297.122521 MOD |
| Source of classification or shelving scheme | |
| Withdrawn status | Lost status | Source of classification or shelving scheme | Damaged status | Not for loan | Permanent Location | Current Location | Shelving location | Date acquired | Source of acquisition | Cost, normal purchase price | Total Checkouts | Total Renewals | Full call number | Barcode | Date last seen | Date last checked out | Price effective from | Koha item type | Materials specified (bound volume or other part) | Checked out |
|---|---|---|---|---|---|---|---|---|---|---|---|---|---|---|---|---|---|---|---|---|
| Central Library (CL) | Central Library (CL) | Reference | 10/25/2022 | 3 | 4 | 297.122521 MOD | CL-D-2115 | 10/27/2025 | 10/27/2025 | 10/25/2022 | Book | Donated by Major Zahid DCE, SEECS-NUST | 05/14/2026 | |||||||
| NUST Law School (NLS) | NUST Law School (NLS) | General Stacks | 08/20/2005 | Academic Book company | 1190.00 | 9 | 9 | 297.122 MOD | SEECS006317 | 05/31/2024 | 09/12/2023 | 01/05/2017 | Book |
